00251nam a2200109Ia 4500008004100000041001200041082001100053100001500064245005000079260000600129650000600135221030s9999 xx 000 0 und d aEnglish a105.23 aP. S. Gill 2aA TEXT Book of Graphic Staticscby P. S. Gill c0 aB